01624nam a2200421 i 450000100060000000300080000600500170001400600190003100700150005000800410006501700260010602000270013202000280015903500220018704000310020905000210024008000080026108200120026910000370028124501010031826400570041930000410047633600310051733700330054833800430058150000220062450400280064658800830067459001620075765000200091965500290093970000480096870000490101670000390106579700180110485600630112299900170118524615FINmELB20241216215744.0m o d | cr cnu||||||||230301s2022 sp ob 001 0 spa d aM-2173-2022bEspaña a9788473608374q(print) a9788473608718q(e-book) a(OCoLC)1373950973 aFINmELBbspaerdacFINmELB 4aTH153bM971 2022 a62404a6242231 aMuñoz Hidalgo, Manuel,eautor.10aOrigen, evolución y reparación de los daños en la edificación /cManuel Muñoz Hidalgo. 1aMadrid, España :bEditorial Tébar Flores,c2022. a1 recurso en línea (387 páginas) atextobtxt2rdacontent/spa acomputadorabc2rdamedia/spa arecurso en líneabcr2rdacarrier/spa aIncluye índice. aIncluye bibliografía. aDescripción basada en metadatos suministrados por el editor y otras fuentes. aRecurso electrónico. Santa Fe, Arg.: elibro, 2023. Disponible vía World Wide Web. El acceso puede estar limitado para las bibliotecas afiliadas a elibro. 4aConstrucción. 4aRevistas electrónicas.1 aMuñoz Calle, Francisco Javier,edirector.1 aMuñoz Calle, Jesús Manuel,ecolaborador.1 aCeijas Sala, Pelayo,ecolaborador.2 aelibro, Corp.40uhttps://elibro.net/ereader/politecnicointernacional/221971 c24615d24615